000 00353nam a2200133Ia 4500
008 240624s9999 xx 000 0 und d
041 _aeng
082 _a954 DAL
100 _aDALRYMPLE WILLIAM
245 _aLAST MUGHAL THE FALL OF A DYNASTY DELHI
260 _c2007
_aNew Delhi
_bPenguin Book India
300 _a578 : p. : cm. ; 22
365 _cRS
_b25
999 _c12917
_d12917